ბათუმის შოთა რუსთაველის სახელმწიფო უნივერსიტეტის ბიბლიოთეკა

ბიბლიოგრაფია მეცნიერული მუშაობის დასახმერებლად (ბიბ.ჩანაწერი № 52815)

000 -LEADER
fixed length control field 00991nam a2200253Ia 4500
001 - CONTROL NUMBER
control field 19845
003 - CONTROL NUMBER IDENTIFIER
control field GE_BSU
008 - FIXED-LENGTH DATA ELEMENTS--GENERAL INFORMATION
fixed length control field 181216s||||||||xx |||||||||||||| ||und||
040 ## - CATALOGING SOURCE
Transcribing agency GE_BSU
080 ## - UNIVERSAL DECIMAL CLASSIFICATION NUMBER
Universal Decimal Classification number 016:001
100 ## - MAIN ENTRY--PERSONAL NAME
Personal name კირპიჩევა,ი.
245 ## - TITLE STATEMENT
Title ბიბლიოგრაფია მეცნიერული მუშაობის დასახმერებლად
245 ## - TITLE STATEMENT
Remainder of title მეთოდ. და საცნობო სახელმძღვ.
245 ## - TITLE STATEMENT
Statement of responsibility, etc. ქართ. თარგმ. ო. გვილავამ
260 ## - PUBLICATION, DISTRIBUTION, ETC.
Place of publication, distribution, etc. თბილისი
260 ## - PUBLICATION, DISTRIBUTION, ETC.
Name of publisher, distributor, etc. მეცნიერება
260 ## - PUBLICATION, DISTRIBUTION, ETC.
Date of publication, distribution, etc. 1970
300 ## - PHYSICAL DESCRIPTION
Extent 115გვ. 21სმ.
653 ## - INDEX TERM--UNCONTROLLED
Uncontrolled term ბიბლიოგრაფია მეცნიერული მუშაობის დასახმერებლად
653 ## - INDEX TERM--UNCONTROLLED
Uncontrolled term ბიბლიოთეკარი
653 ## - INDEX TERM--UNCONTROLLED
Uncontrolled term ქსეროქსი
942 ## - ADDED ENTRY ELEMENTS (KOHA)
Koha item type წიგნი
ეგზემპლარები
Withdrawn status Lost status Damaged status Not for loan Date acquired Barcode Date last seen Price effective from Koha item type Public note
        2018-12-17 00423 2018-12-17 2018-12-17 წიგნი ქსეროქსი